Normal view MARC view
  • Hériot, Virginie,

Entry Nombre Personal

Number of records used in: 1

001 - NUMERO DE CONTROL

  • campo de control: 46481

003 - IDENTIFICADOR DE NUMERO DE CONTROL

  • campo de control: UPN

005 - FECHA Y HORA DE LA ÜLTIMA TRANSACCIÓN

  • campo de control: 20220918225055.0

008 - DATOS DE LONGITUD FIJA

  • campo de control de longitud fija: 220918nn acannaabn n aaa d

040 ## - FUENTE DE CATALOGACIÓN

  • Agencia original de catalogación: UPN

100 1# - ENCABEZAMIENTO - NOMBRE PERSONAL

  • Nombre personal: Hériot, Virginie,
  • Fechas asociadas con el nombre: 1890-1932

400 1# - VEÁSE - NOMBRE DE PERSONA

  • Personal name: Heriot, Virginie Claire Désirée Marie,
  • Dates associated with a name: 1890-1932

670 ## - FUENTE EN LA QUE SE LOCALIZARON DATOS

  • Cita de la fuente: LC

680 ## - NOTA PUBLICA DE ACCESO PÚBLICO

  • Frase explicativa de la referencia: Navegante francesa

902 ## - CATALOGADOR

  • Catalogador: CAA/180922